000 00440nam a2200169Ia 4500
008 210210b1996 xxu||||| |||| 00| 0 eng d
020 _a81 7328 076 2
082 _a657.46 PRAI
100 _aPRASAD (Bhagwati).
245 _aIncome tax law and practice. Ed 23.
250 _a
260 _aNew Delhi.
_bWishwa Prakashan,
_c1996
300 _axvi,688
650 _aIncome Tax, Law Practice
690 _aIncome Ta
906 _a05168
999 _c100260
_d100260